Complete the Titles of Songs by Oasis - Statistics

General Stats
  • This quiz has been taken 556 times
  • The average score is 14 of 15
Answer Stats
Answer % Correct
Don’t Look Back In {Anger}
100%
Champagne {Supernova}
99%
Go Let It {Out}
99%
Morning {Glory}
99%
Roll With {It}
99%
Stop Crying Your Heart {Out}
99%
Little By {Little}
98%
Some Might {Say}
98%
Live {Forever}
97%
Cigarettes & {Alcohol}
96%
D'You Know What I {Mean?}
91%
The Importance of Being {Idle}
88%
The Hindu {Times}
86%
Let There Be {Love}
81%
The Shock of the {Lightning}
63%
No matching quizzes found
Score Distribution
Percent of People with Each Score
Percentile by Number Answered
Your Score History
You have not taken this quiz